| 000 | 00521nam a2200181Ia 4500 | ||
|---|---|---|---|
| 008 | 100920s9999 xx 000 0 und d | ||
| 082 |
_b93299 _a891.463.1 न 04 |
||
| 100 | _aगजेंद्रगडकर मोनिका. | ||
| 245 | _aभूप. | ||
| 260 |
_bमौज प्रकाशन,मुंबई 4. _c2004 |
||
| 300 |
_a152 _bसाधी |
||
| 365 | _b150 | ||
| 520 | _aलघुकथा. | ||
| 630 | _aभूप. | ||
| 650 | _aलघुकथा. | ||
| 730 | _aभूप. | ||
| 942 | _cBOOK | ||
| 999 |
_c733742 _d733739 |
||